000 07767nam a22007575i 4500
005 20230718140417.0
006 m|||||o||d||||||||
007 cr || ||||||||
008 221201t20222022gw fo d z eng d
020 _a9783110733501
040 _aDE-B1597
_beng
_cDE-B1597
_erda
041 0 _aeng
082 0 4 _a940
245 0 0 _aYouth and Memory in Europe :
_bDefining the Past, Shaping the Future /
_ced. by Félix Krawatzek, Nina Friess.
264 1 _aBerlin ;
_aBoston :
_bDe Gruyter,
_c[2022]
264 4 _c©2022
300 _a1 online resource (XV, 390 p.)
336 _atext
_btxt
_2rdacontent
337 _acomputer
_bc
_2rdamedia
338 _aonline resource
_bcr
_2rdacarrier
347 _atext file
_bPDF
_2rda
490 0 _aMedia and Cultural Memory / Medien und kulturelle Erinnerung ,
_x1613-8961 ;
_v34
505 0 0 _tFrontmatter --
_tAcknowledgements --
_tContents --
_tList of Figures --
_tList of Tables --
_tTransmitting the Past to Young Minds --
_tPart I: Regional Perspectives --
_tA Former Soviet Republic? Historical Perspectives on Belarus --
_tWithout Roots? The Historical Realm of Young Belarusians --
_t"Let's be Belarusians!" On the Reappropriation of Belarusian History in Popular Culture --
_tThe "Wild Nineties": Youth Engagement, Memory and Continuities between Yeltsin's and Putin's Russia --
_tRussian Youth as Subject and Object of the 1990s "Memory War" --
_t"Dear Young Warriors": Memories of Sacrifice, Debt and Youth Militarisation in Yeltsin's Russia --
_tThe Making of a Young Martyr: Discursive Legacies of the Turkish "Youth Myth" in the Afterlife of Deniz Gezmiş --
_tYouth au Féminin: Gendering Activist Memory in Turkey --
_tOfficial Narratives of the Civil War and the Franco Regime in the Twenty-first Century --
_tAnti-militaristic and Pacifist Values across Spanish Children's Literature --
_tTransmitting the Civil War across Generations: How Spanish Youth Acquire their Memories --
_t(Post)-Yugoslav Memory Travels: National and Transnational Dimensions --
_t"I am something that no longer exists ...": Yugonostalgia among Diaspora Youth --
_tThe Yugoslav 1980s and Youth Portrayals in Post-Yugoslav Films and TV --
_tPart II: Thematic Perspectives --
_tPromoting Patriotism, Suppressing Dissent Views: The Making of Historical Narratives and National Identity in Russia and Poland --
_tLiving Forms of Patriotism: Engaging Young Russians in Military History? --
_tEngaging Young Readers in History: Alternative Historical Narratives in Contemporary Russian Children's Literature --
_tEngaging the Reader − Revising Patriotism: Polish Children's and Crossover Literature in the Twenty-First Century --
_tDealing with Contested Pasts from Northern Ireland to French Algeria: Transformative Strategies of Agonism in Action? --
_tThe Dark Corners of European Colonial Memory in Films and Literature --
_tFictionalisation of Slavery in Children's Books in France --
_tKing Sebastian and Lost Paradise? Amnesia and Opposing Myths --
_tBeyond the Normative Understanding of Holocaust Memory: Between Cosmopolitan Memory and Local Reality --
_tUnderstanding Terrible Crimes: Youth Memory of the Holocaust in the Russian Federation --
_t"I am not comfortable with that": Commemorative Practices among Young Jewish People in France --
_tNotes on Contributors --
_tIndex
506 0 _funrestricted online access
_2star
520 _aThis volume contends that young individuals across Europe relate to their country's history in complex and often ambivalent ways. It pays attention to how both formal education and broader culture communicate ideas about the past, and how young people respond to these ideas. The studies collected in this volume show that such ideas about the past are central to the formation of the group identities of nations, social movements, or religious groups. Young people express received historical narratives in new, potentially subversive, ways. As young people tend to be more mobile and ready to interrogate their own roots than later generations, they selectively privilege certain aspects of their identities and their identification with their family or nation while neglecting others. This collection aims to correct the popular misperception that young people are indifferent towards history and prove instead that historical narratives are constitutive to their individual identities and their sense of belonging to something broader than themselves.
530 _aIssued also in print.
538 _aMode of access: Internet via World Wide Web.
540 _aThis eBook is made available Open Access under a CC BY-NC-ND 4.0 license:
_uhttps://creativecommons.org/licenses/by-nc-nd/4.0
_uhttps://www.degruyter.com/dg/page/open-access-policy
546 _aIn English.
588 0 _aDescription based on online resource; title from PDF title page (publisher's Web site, viewed 01. Dez 2022)
650 7 _aSOCIAL SCIENCE / General.
_2bisacsh
653 _aCultural studies.
653 _amemory studies.
653 _aresearch methods.
653 _asocial sciences.
653 _ayouth.
700 1 _aConnan-Pintado, Christiane,
_econtributor.
_4ctb
_4https://id.loc.gov/vocabulary/relators/ctb
700 1 _aDrechselová, Lucie G.,
_econtributor.
_4ctb
_4https://id.loc.gov/vocabulary/relators/ctb
700 1 _aEdwards, Allyson,
_econtributor.
_4ctb
_4https://id.loc.gov/vocabulary/relators/ctb
700 1 _aErbil, Duygu,
_econtributor.
_4ctb
_4https://id.loc.gov/vocabulary/relators/ctb
700 1 _aFriess, Nina,
_econtributor.
_4ctb
_4https://id.loc.gov/vocabulary/relators/ctb
700 1 _aFriess, Nina,
_eeditor.
_4edt
_4http://id.loc.gov/vocabulary/relators/edt
700 1 _aGarcía Carcedo, Pilar,
_econtributor.
_4ctb
_4https://id.loc.gov/vocabulary/relators/ctb
700 1 _aHennebert, Solveig,
_econtributor.
_4ctb
_4https://id.loc.gov/vocabulary/relators/ctb
700 1 _aKrawatzek, Félix,
_econtributor.
_4ctb
_4https://id.loc.gov/vocabulary/relators/ctb
700 1 _aKrawatzek, Félix,
_eeditor.
_4edt
_4http://id.loc.gov/vocabulary/relators/edt
700 1 _aMcGlynn, Jade,
_econtributor.
_4ctb
_4https://id.loc.gov/vocabulary/relators/ctb
700 1 _aMilivojevic, Mirko,
_econtributor.
_4ctb
_4https://id.loc.gov/vocabulary/relators/ctb
700 1 _aMilivojević, Mirko,
_econtributor.
_4ctb
_4https://id.loc.gov/vocabulary/relators/ctb
700 1 _aMorin, Paul Max,
_econtributor.
_4ctb
_4https://id.loc.gov/vocabulary/relators/ctb
700 1 _aMüller-Suleymanova, Dilyara,
_econtributor.
_4ctb
_4https://id.loc.gov/vocabulary/relators/ctb
700 1 _aO'Donohoe, M. Paula,
_econtributor.
_4ctb
_4https://id.loc.gov/vocabulary/relators/ctb
700 1 _aRabbia, Roberto,
_econtributor.
_4ctb
_4https://id.loc.gov/vocabulary/relators/ctb
700 1 _aRegueiro Salgado, Begoña,
_econtributor.
_4ctb
_4https://id.loc.gov/vocabulary/relators/ctb
700 1 _aReynolds, Chris,
_econtributor.
_4ctb
_4https://id.loc.gov/vocabulary/relators/ctb
700 1 _aRichard, Thomas,
_econtributor.
_4ctb
_4https://id.loc.gov/vocabulary/relators/ctb
700 1 _aSawkins, Isabel,
_econtributor.
_4ctb
_4https://id.loc.gov/vocabulary/relators/ctb
700 1 _aThaidigsmann, Karoline,
_econtributor.
_4ctb
_4https://id.loc.gov/vocabulary/relators/ctb
700 1 _aWeller, Nina,
_econtributor.
_4ctb
_4https://id.loc.gov/vocabulary/relators/ctb
776 0 _cEPUB
_z9783110733600
776 0 _cprint
_z9783110738308
856 4 0 _uhttps://doi.org/10.1515/9783110733501
_zOpen Access
_70
856 4 0 _uhttps://www.degruyter.com/isbn/9783110733501
_zOpen Access
_70
856 4 2 _3Cover
_uhttps://www.degruyter.com/document/cover/isbn/9783110733501/original
942 _cE-BOOK
999 _c71277
_d71276